[Event "Campeonato Brasileiro Juvenil 2012 - Abs"]
[Site "Sao Paulo"]
[Date "2012.06.09"]
[Round "6.20"]
[White "Nunes, Guilherme Hurba"]
[Black "Correia, Vitor Paie"]
[Result "1-0"]
[WhiteElo "1806"]
[BlackElo "1494"]
[PlyCount "145"]
[EventDate "2012.06.07"]

1. d4 Nf6 2. Nf3 e6 3. e3 d5 4. Bd3 Nbd7 5. O-O Be7 6. b3 O-O 7. Bb2 b6 8. Ne5
Bb7 9. f4 Nxe5 10. dxe5 Nd7 11. Rf3 f6 12. Rh3 f5 13. Qh5 h6 14. Qg6 Rf7 15.
Rxh6 Nf8 16. Qg3 Bg5 17. Rh3 Be7 18. Be2 g6 19. Nd2 Rg7 20. Nf3 Kf7 21. Ng5+
Bxg5 22. Qxg5 Qxg5 23. fxg5 Rh7 24. Rxh7+ Nxh7 25. h4 c5 26. Rd1 Rd8 27. c4 Nf8
28. Bf3 Ke7 29. Kh2 Rd7 30. Kh3 Ke8 31. cxd5 Bxd5 32. Bxd5 Rxd5 33. Rxd5 exd5
34. a4 Ne6 35. g4 f4 36. Bc1 fxe3 37. Bxe3 d4 38. Bd2 Ke7 39. h5 Nf8 40. Kg3
Ke6 41. Bf4 a6 42. h6 b5 43. axb5 axb5 44. Kf3 Nh7 45. Ke4 Nf8 46. b4 cxb4 47.
Kxd4 Nh7 48. Kd3 Nf8 49. Kc2 Nh7 50. Kb3 Nf8 51. Kxb4 Nh7 52. Kxb5 Kd7 53. Kb6
Nf8 54. Kb5 Nh7 55. Kc4 Ke6 56. Kd4 Nf8 57. Ke4 Nh7 58. Bd2 Nf8 59. Ba5 Nh7 60.
Bd8 Kd7 61. Bf6 Ke6 62. Kd4 Nf8 63. Kc5 Nh7 64. Kc6 Nf8 65. Kc7 Nh7 66. Kd8 Kf7
67. Kd7 Nf8+ 68. Kd6 Kg8 69. e6 Nxe6 70. Kxe6 Kh7 71. Bd4 Kg8 72. Kf6 Kh7 73.
Bc3 1-0

[Event "Campeonato Brasileiro Juvenil 2012 - Abs"]
[Site "Sao Paulo"]
[Date "2012.06.10"]
[Round "7.1"]
[White "Barbosa, Evandro Amorim"]
[Black "Proudian, Armen"]
[Result "1/2-1/2"]
[WhiteElo "2401"]
[BlackElo "2147"]
[PlyCount "24"]
[EventDate "2012.06.07"]

1. e4 e5 2. Nf3 Nc6 3. Bb5 a6 4. Ba4 Nge7 5. c3 g6 6. d4 exd4 7. cxd4 b5 8. Bb3
Bg7 9. d5 Na5 10. Bd2 Nxb3 11. Qxb3 d6 12. Bc3 O-O 1/2-1/2

[Event "Campeonato Brasileiro Juvenil 2012 - Abs"]
[Site "Sao Paulo"]
[Date "2012.06.10"]
[Round "7.2"]
[White "Caetano, Hugo Zanotti Mendonc"]
[Black "Quintiliano Pinto, Renato R"]
[Result "1/2-1/2"]
[WhiteElo "2047"]
[BlackElo "2272"]
[PlyCount "132"]
[EventDate "2012.06.07"]

1. d4 d5 2. c4 e6 3. Nc3 c6 4. Nf3 dxc4 5. a4 Bb4 6. e3 b5 7. Bd2 a5 8. axb5
Bxc3 9. Bxc3 cxb5 10. b3 Bb7 11. d5 Nf6 12. bxc4 b4 13. Bxf6 Qxf6 14. Qa4+ Nd7
15. Nd4 e5 16. Nb3 Ke7 17. Be2 Qd6 18. O-O Nc5 19. Nxc5 Qxc5 20. Kh1 Rhd8 21.
Qb3 Kf8 22. f4 exf4 23. Rxf4 a4 24. Qd3 Kg8 25. Rxf7 Kxf7 26. Qxh7 Rf8 27. Bh5+
Ke7 28. Qxg7+ Kd8 29. Qxb7 Rc8 30. Bg4 Rc7 31. Qa8+ Ke7 32. Qxa4 Qxc4 33. Qd1
Kd6 34. Bf3 b3 35. Rb1 Qc2 36. Qe1 Rb7 37. Rc1 Rc8 38. Qg3+ Kc5 39. Qe1 Rb4 40.
h3 Rc4 41. Qa5+ Kd6 42. Qb6+ R8c6 43. Rxc2 bxc2 44. dxc6 c1=Q+ 45. Kh2 Rc3 46.
Qd4+ Kc7 47. Qd7+ Kb6 48. Qb7+ Ka5 49. Qc7+ Kb4 50. Qd6+ Ka5 51. Qd8+ Kb4 52.
Qd4+ Ka3 53. h4 Rxe3 54. Qa7+ Kb2 55. Qb6+ Ka1 56. Qa5+ Ra3 57. Qb4 Qe3 58. c7
Qe5+ 59. Kh3 Rc3 60. Qa4+ Kb2 61. Qa6 Qf5+ 62. Kg3 Qe5+ 63. Kh3 Qf5+ 64. Kg3
Qe5+ 65. Kh3 Qf5+ 66. Kg3 Qe5+ 1/2-1/2

[Event "Campeonato Brasileiro Juvenil 2012 - Abs"]
[Site "Sao Paulo"]
[Date "2012.06.10"]
[Round "7.3"]
[White "Santiago, Yago De Moura"]
[Black "Marques, Joao Paulo Cassemiro"]
[Result "1-0"]
[WhiteElo "2347"]
[BlackElo "2191"]
[PlyCount "45"]
[EventDate "2012.06.07"]

1. Nf3 d5 2. c4 c6 3. e3 dxc4 4. Bxc4 Nf6 5. d4 Nbd7 6. Nc3 Nb6 7. Bb3 Bf5 8.
Ne5 e6 9. g4 Bg6 10. h4 Bd6 11. h5 Be4 12. Nxe4 Nxe4 13. Qf3 Bxe5 14. Qxe4 Bd6
15. f4 Nd5 16. g5 Qa5+ 17. Bd2 Bb4 18. O-O-O O-O-O 19. Bxb4 Qxb4 20. Kb1 g6 21.
Rh2 Ne7 22. hxg6 hxg6 23. Bxe6+ 1-0

[Event "Campeonato Brasileiro Juvenil 2012 - Abs"]
[Site "Sao Paulo"]
[Date "2012.06.10"]
[Round "7.4"]
[White "Devescovi Parreira, Pedro Paulo"]
[Black "Goncalves, Ivan Mesquita V"]
[Result "0-1"]
[WhiteElo "2085"]
[BlackElo "2100"]
[PlyCount "62"]
[EventDate "2012.06.07"]

1. d4 Nf6 2. c4 g6 3. Nc3 d5 4. Nf3 Bg7 5. Bf4 O-O 6. e3 c5 7. dxc5 Ne4 8. Be5
Bxe5 9. Nxe5 Nxc3 10. bxc3 Qa5 11. Qb3 Qc7 12. Nf3 dxc4 13. Bxc4 Nd7 14. Ng5
Ne5 15. Rd1 Qxc5 16. Be2 Nd3+ 17. Rxd3 Qxg5 18. g4 Be6 19. Qa3 Bc4 20. Rd4 Bxe2
21. Kxe2 Qh4 22. Rhd1 e5 23. Ra4 b5 24. Rxa7 Qxg4+ 25. Ke1 Rad8 26. Rxd8 Rxd8
27. Qb3 Qf3 28. Re7 e4 29. Re5 Rd3 30. Qc2 Rxe3+ 31. fxe3 Qxe3+ 0-1

[Event "Campeonato Brasileiro Juvenil 2012 - Abs"]
[Site "Sao Paulo"]
[Date "2012.06.10"]
[Round "7.5"]
[White "Gotz, Klaus Seiji Furucho"]
[Black "Sztokbant, Bernardo Vainzoff"]
[Result "1-0"]
[WhiteElo "1975"]
[BlackElo "2093"]
[PlyCount "67"]
[EventDate "2012.06.07"]

1. d4 d5 2. c4 e6 3. Nc3 Be7 4. Nf3 Nf6 5. Bg5 O-O 6. e3 h6 7. Bf4 c5 8. cxd5
Nxd5 9. Nxd5 Qxd5 10. dxc5 Qxc5 11. a3 Bf6 12. Bd6 Qa5+ 13. Bb4 Qb6 14. Bxf8
Qxb2 15. Rc1 Bc3+ 16. Nd2 Kxf8 17. Qc2 Bxd2+ 18. Qxd2 Qxd2+ 19. Kxd2 Nc6 20.
Be2 Bd7 21. Rhd1 Na5 22. Ke1 Ba4 23. Rd3 Ke8 24. Rc7 Rb8 25. Rd4 Bc6 26. Bf3
Bxf3 27. gxf3 Rd8 28. Rxd8+ Kxd8 29. Rxf7 Kc8 30. Rxg7 Nc4 31. a4 Nb6 32. Rg4
Kc7 33. Kd2 Nd7 34. Kc3 1-0

[Event "Campeonato Brasileiro Juvenil 2012 - Abs"]
[Site "Sao Paulo"]
[Date "2012.06.10"]
[Round "7.6"]
[White "Takeda, Lucas Koji"]
[Black "Japiassu, Ricardo De Villa Nov"]
[Result "1-0"]
[WhiteElo "1902"]
[BlackElo "1900"]
[PlyCount "57"]
[EventDate "2012.06.07"]

1. c4 c5 2. g3 Nc6 3. Bg2 g6 4. Nc3 Bg7 5. e4 d6 6. d3 e5 7. Nge2 Nge7 8. O-O
O-O 9. h3 h6 10. Be3 Be6 11. Qd2 Kh7 12. f4 Nd4 13. Rab1 Qd7 14. Kh2 a5 15. Nd5
Bxd5 16. cxd5 f5 17. Bxd4 cxd4 18. b4 a4 19. b5 b6 20. Qb4 Ra5 21. Rfc1 Rc8 22.
fxe5 dxe5 23. Rc6 fxe4 24. Bxe4 Nxc6 25. bxc6 Qf7 26. d6 Bf8 27. d7 Bxb4 28.
dxc8=Q Rc5 29. Qd7 1-0

[Event "Campeonato Brasileiro Juvenil 2012 - Abs"]
[Site "Sao Paulo"]
[Date "2012.06.10"]
[Round "7.7"]
[White "Branchini, Fernando Luis Sakamo"]
[Black "Maranhao, Jose Renato Ruiz"]
[Result "1-0"]
[WhiteElo "1972"]
[BlackElo "2090"]
[PlyCount "49"]
[EventDate "2012.06.07"]

1. e4 e5 2. Nf3 Nc6 3. Bb5 Nf6 4. O-O Bc5 5. d3 d6 6. h3 Bd7 7. Nc3 a6 8. Ba4
O-O 9. Bg5 h6 10. Bh4 g5 11. Nxg5 hxg5 12. Bxg5 Be6 13. Nd5 Bxd5 14. exd5 b5
15. dxc6 bxa4 16. Qf3 Kg7 17. Rae1 d5 18. Rxe5 Rh8 19. Rf5 Be7 20. Re1 Re8 21.
Rxe7 Rxe7 22. Bxf6+ Kf8 23. Rh5 Re1+ 24. Kh2 Qd6+ 25. g3 1-0

[Event "Campeonato Brasileiro Juvenil 2012 - Abs"]
[Site "Sao Paulo"]
[Date "2012.06.10"]
[Round "7.8"]
[White "Araujo, Renan Aparecido"]
[Black "Nolasco, Vitor"]
[Result "1-0"]
[WhiteElo "1878"]
[BlackElo "1918"]
[PlyCount "39"]
[EventDate "2012.06.07"]

1. d4 d5 2. Nf3 Nf6 3. c4 c6 4. Nc3 e6 5. Bg5 dxc4 6. e4 b5 7. e5 h6 8. Bh4 g5
9. Nxg5 hxg5 10. Bxg5 Be7 11. exf6 Bxf6 12. Bxf6 Qxf6 13. a4 Bd7 14. g3 a5 15.
Bg2 Ra7 16. Qd2 Qe7 17. O-O Qb4 18. Qf4 Ke7 19. Qg5+ Kf8 20. Qe5 1-0

[Event "Campeonato Brasileiro Juvenil 2012 - Abs"]
[Site "Sao Paulo"]
[Date "2012.06.10"]
[Round "7.9"]
[White "Abdalla, Jose Lucas Aurelli"]
[Black "Barreiros Da Silva, Denison Kle"]
[Result "1-0"]
[WhiteElo "2098"]
[BlackElo "1918"]
[PlyCount "49"]
[EventDate "2012.06.07"]

1. e4 d5 2. exd5 Qxd5 3. Nc3 Qa5 4. Bc4 Nf6 5. Qe2 Bf5 6. Bb3 e6 7. d4 c6 8.
Bd2 Qc7 9. h3 h5 10. Nf3 Nbd7 11. O-O-O O-O-O 12. Ne5 Nxe5 13. dxe5 Nd5 14. g4
Bg6 15. f4 Nxc3 16. Bxc3 Rxd1+ 17. Rxd1 hxg4 18. hxg4 Bc5 19. f5 exf5 20. e6
Qf4+ 21. Kb1 Rh2 22. Qd3 Qd6 23. Qxd6 Bxd6 24. exf7 fxg4 25. f8=Q+ 1-0

[Event "Campeonato Brasileiro Juvenil 2012 - Abs"]
[Site "Sao Paulo"]
[Date "2012.06.10"]
[Round "7.10"]
[White "Martins, Anderson Donay"]
[Black "De Carvalho, Igor Lorenzon"]
[Result "1/2-1/2"]
[WhiteElo "1946"]
[BlackElo "1867"]
[PlyCount "89"]
[EventDate "2012.06.07"]

1. e4 c6 2. Nf3 d5 3. Nc3 dxe4 4. Nxe4 Nf6 5. Ng3 Bg4 6. Bc4 e6 7. h3 Bxf3 8.
Qxf3 Nbd7 9. d4 Nb6 10. Qd3 Nxc4 11. Qxc4 Qd5 12. Qxd5 cxd5 13. Bf4 Rc8 14.
O-O-O Bb4 15. Rd3 b6 16. a3 Be7 17. Re1 Kd7 18. Bg5 Rc4 19. f4 Rhc8 20. c3 h6
21. Bxf6 Bxf6 22. Kd2 g6 23. Nf1 b5 24. Ne3 R4c6 25. Ng4 Bg7 26. Ne5+ Bxe5 27.
fxe5 a5 28. Rf3 Ke8 29. g4 b4 30. axb4 axb4 31. Rc1 Rc4 32. Rff1 bxc3+ 33. bxc3
Ke7 34. h4 Ra4 35. Rb1 Ra2+ 36. Kd3 Rc7 37. h5 gxh5 38. gxh5 Rh2 39. Rh1 Rxh1
40. Rxh1 Kf8 41. Rh3 Kg7 42. Kc2 Rb7 43. Rh4 Rb8 44. Rh2 Rb7 45. Rh1 1/2-1/2

[Event "Campeonato Brasileiro Juvenil 2012 - Abs"]
[Site "Sao Paulo"]
[Date "2012.06.10"]
[Round "7.11"]
[White "De Sousa, Matheus Mazim"]
[Black "Fleck Da Silva, Rafael"]
[Result "0-1"]
[WhiteElo "1818"]
[BlackElo "1927"]
[PlyCount "96"]
[EventDate "2012.06.07"]

1. d4 Nf6 2. c4 e5 3. dxe5 Ng4 4. Bf4 Nc6 5. Nf3 Bb4+ 6. Nbd2 Qe7 7. e3 Ncxe5
8. Nxe5 Nxe5 9. a3 Bxd2+ 10. Qxd2 d6 11. Be2 Be6 12. Qc3 f6 13. O-O O-O 14. c5
dxc5 15. Bxe5 fxe5 16. Qxe5 Qd6 17. Qc3 Rf6 18. Bc4 Rd8 19. Bb3 Qb6 20. Bxe6+
Rxe6 21. Rac1 Rc6 22. h3 Qb5 23. Qe5 a5 24. b4 axb4 25. axb4 Qxb4 26. Rb1 Qd2
27. Rxb7 Qd5 28. Qe7 Qd6 29. Qe4 Qd5 30. Qxd5+ Rxd5 31. Rb5 Rd2 32. Rc1 c4 33.
Rc3 Rd3 34. Rc2 Rd1+ 35. Kh2 Kf7 36. Rb4 c3 37. Rb3 Rd3 38. Kg3 Ke6 39. Kf3 Kd5
40. Ke2 Kc4 41. Ra3 Rcd6 42. Rca2 Rd2+ 43. Rxd2 Rxd2+ 44. Ke1 Rb2 45. Ra7 Kd3
46. Ra1 c5 47. Rd1+ Kc2 48. e4 Rb1 0-1

[Event "Campeonato Brasileiro Juvenil 2012 - Abs"]
[Site "Sao Paulo"]
[Date "2012.06.10"]
[Round "7.12"]
[White "Cruz, Arquias Sofocles Gui"]
[Black "Flach, Kauan Andrei"]
[Result "1/2-1/2"]
[WhiteElo "1838"]
[BlackElo "1699"]
[PlyCount "47"]
[EventDate "2012.06.07"]

1. e4 e5 2. Nc3 Nf6 3. f4 d5 4. fxe5 Nxe4 5. Qf3 Nxc3 6. dxc3 Be6 7. Ne2 Be7 8.
Nd4 Qd7 9. Bd3 Nc6 10. Bf4 O-O-O 11. Nxe6 Qxe6 12. O-O-O Nxe5 13. Bxe5 Qxe5 14.
Rhe1 Bg5+ 15. Kb1 Qf6 16. Qg4+ Kb8 17. Rf1 Qh6 18. Rxf7 Bf6 19. Qg3 Rc8 20. Rd7
Qh5 21. Rf1 Rhd8 22. Rxd8 Rxd8 23. a3 Be5 24. Qf3 1/2-1/2

[Event "Campeonato Brasileiro Juvenil 2012 - Abs"]
[Site "Sao Paulo"]
[Date "2012.06.10"]
[Round "7.14"]
[White "Gomes Silverio, Taua"]
[Black "Poeta, Caio Medeiros"]
[Result "0-1"]
[WhiteElo "1665"]
[BlackElo "1859"]
[PlyCount "76"]
[EventDate "2012.06.07"]

1. Nf3 c5 2. g3 Nc6 3. Bg2 e5 4. d3 d5 5. O-O f6 6. Nbd2 Be6 7. e4 d4 8. Re1 g5
9. h4 gxh4 10. Nxh4 Nge7 11. Qh5+ Bf7 12. Qg4 h5 13. Qh3 Ng6 14. Nxg6 Bxg6 15.
Nf3 Bd6 16. Qe6+ Be7 17. Qb3 Qd7 18. c3 Bf7 19. Qd1 O-O-O 20. Nh4 Be6 21. c4
Bg4 22. Bf3 Rdg8 23. Bxg4 Rxg4 24. Nf5 Bf8 25. Kg2 Ne7 26. Qf3 Rhg8 27. Bd2 h4
28. Re2 hxg3 29. Nxg3 f5 30. exf5 Nxf5 31. Rh1 Nh4+ 32. Rxh4 Rxh4 33. Rxe5 Bd6
34. Rf5 Rh7 35. Qd5 Rhg7 36. Bg5 Bxg3 37. Qxc5+ Qc6+ 38. Qxc6+ bxc6 0-1

[Event "Campeonato Brasileiro Juvenil 2012 - Abs"]
[Site "Sao Paulo"]
[Date "2012.06.10"]
[Round "7.15"]
[White "De Assis, Henrique Zerbini J"]
[Black "Goncalves, Leonardo Yamamoto Po"]
[Result "0-1"]
[WhiteElo "1766"]
[BlackElo "1848"]
[PlyCount "24"]
[EventDate "2012.06.07"]

1. e4 c5 2. Nf3 g6 3. d4 cxd4 4. Nxd4 Nc6 5. Nc3 Bg7 6. Be3 Nf6 7. Bc4 O-O 8.
f3 Qb6 9. Qd2 Nxe4 10. Nxc6 Qxc6 11. Bd5 Nxd2 12. Bxc6 Nc4 0-1

[Event "Campeonato Brasileiro Juvenil 2012 - Abs"]
[Site "Sao Paulo"]
[Date "2012.06.10"]
[Round "7.19"]
[White "Correia, Vitor Paie"]
[Black "E Silva, Hamilton Moreira"]
[Result "0-1"]
[WhiteElo "1494"]
[BlackElo "1939"]
[PlyCount "70"]
[EventDate "2012.06.07"]

1. b4 Nf6 2. Bb2 e6 3. Nf3 d5 4. a3 c5 5. bxc5 Bxc5 6. e3 O-O 7. d4 Bd6 8. c4
b6 9. Nc3 Nbd7 10. cxd5 exd5 11. Bd3 Bb7 12. O-O Rc8 13. Rc1 Ne4 14. Nb5 Bb8
15. Rxc8 Qxc8 16. Qc1 Qe8 17. Nc3 Qe7 18. Qc2 a6 19. Rc1 b5 20. Qb3 Nb6 21. a4
b4 22. Ne2 a5 23. Ng3 Kh8 24. Bxe4 dxe4 25. Nd2 f5 26. f3 exf3 27. Nxf3 Bd5 28.
Qd1 Qxe3+ 29. Kh1 Bb3 30. Qe2 f4 31. Qxe3 fxe3 32. Ne5 Rf2 33. Ba1 Bd5 34. Nf3
b3 35. Rf1 Bxg3 0-1